La ville de Saint Louis : culture générale - Statistiques

Statistiques générales
  • Ce quiz a été pris 14 fois
  • Le résultat moyen est 8 sur 16
Statistiques - réponses
Questions Réponses % Correct
Chiffre associé au Roi de France, saint Louis, qui donne son nom à la ville. IX
93%
Colonie autrefois française dans laquelle Saint Louis fut fondé comme poste de traite en 1764. La Louisiane
86%
Fleuve qui traverse Saint Louis. Le Mississippi
86%
Symbole de la monarchie française qui figure sur le drapeau de Saint Louis. La fleur de lys
79%
État américain dans lequel se situe le centre-ville de Saint Louis. Le Missouri
71%
Événements internationaux organisés simultanément à Saint Louis en 1904. Les Jeux olympiques
71%
Royaume auquel venait d'être cédée la précédente au moment même de la fondation de Saint Louis. L'Espagne
57%
Événements internationaux organisés simultanément à Saint Louis en 1904. L'Exposition universelle
57%
Pionnier de l'aviation qui pilota le "Spirit of St. Louis". Charles Lindbergh
43%
Joueur de tennis, vainqueur de huit tournois du Grand Chelem entre 1974 et 1983. Il est originaire de Belleville / East Saint Louis dans la banlieue est de la grande ville, de l'autre côté du fleuve par rapport au centre et dans un autre État (l'Illinois en l'occurrence). Jimmy Connors
36%
Nom du fort que les Français avaient fait ériger en 1720 sur l'autre rive du fleuve (réponse #2) et qui sous le commandement du Capitaine Saint-Ange, était resté de facto français pendant encore deux ans après le Traité de Paris de 1763 par lequel il devait être cédé aux Anglais, ces derniers ne parvenant pas à l'atteindre du fait de la révolte des Amérindiens de Pontiac. Une fois le fort cédé, Saint-Ange traversa le fleuve et contribua à développer Saint Louis. Le fort porte le nom d'une ville française de la Beauce, connue pour sa cathédrale, l'une des cathédrales médiévales, les mieux conservées de France. Le Fort de Chartres
36%
Explorateurs américains qui se sont retrouvés à Saint Louis avec quelques interprètes français et amérindiens pour mener de 1804 à 1806, la première expédition terrestre américaine jusqu'au Pacifique, d'où le monument "Gateway Arch", la grande arche métallique, emblème de la ville surnommée "La Porte de l'ouest" ("Gateway to the West"). Meriwether Lewis
21%
Explorateurs américains qui se sont retrouvés à Saint Louis avec quelques interprètes français et amérindiens pour mener de 1804 à 1806, la première expédition terrestre américaine jusqu'au Pacifique, d'où le monument "Gateway Arch", la grande arche métallique, emblème de la ville surnommée "La Porte de l'ouest" ("Gateway to the West"). William Clark
21%
Auteur-compositeur interprète américain de musique folk/country qui dans sa chanson "Big River", rendit un hommage poétique aux principales villes traversées par le grand fleuve (réponse #2), notamment Saint Louis.
"Then you took me to St. Louis later on (down the river).
A freighter said she’s been here but she’s gone, boy, she’s gone."
Johnny Cash
14%
Style de musique noire qui fit fureur en fin de XIXe et au début du XXe siècle. Saint Louis en était l'épicentre, notamment après la publication de "The Entertainer" de Scott Joplin en 1902. Le ragtime
14%
Nom donné à la grande statue équestre du Roi de France, saint Louis, érigée en 1906 par Charles Henry Niehaus : l'________ de Saint Louis. L'Apothéose
7%
Aucun quiz correspondant
Distribution des résultats
% des personnes avec chaque résultat
Percentile par nombre de réponses
Votre historique - résultats
Vous n’avez pas pris ce quiz